| 000 | 00476nam a2200145Ia 4500 | ||
|---|---|---|---|
| 008 | 181023s9999 xx 000 0 und d | ||
| 020 | _a9781138052918 | ||
| 100 | _aProferes, Nicholas T. | ||
| 245 |
_cNicholas T. Proferes.-- _aFilm directing fundamentals : _bsee your film before shooting / |
||
| 250 | _a4th ed | ||
| 260 |
_aNew York : _bRoutledge _c2018 |
||
| 300 | _axxii, 317 pages. | ||
| 500 | _aIncludes indexes | ||
| 650 | _aMotion pictures -- production and direction. | ||
| 999 |
_c359319 _d359319 |
||